[Event "Challenge"]
[Site "http://www.queenalice.com/game.php?id=253563"]
[Date "2007.8.9"]
[Round "-"]
[White "Tao_of_Dave"]
[Black "Am0n"]
[Result "0-1"]
[WhiteElo "1474"]
[BlackElo "1493"]

1. e4 e6 2. e5 g5 3. d4 Bg7 4. h3 b5 5. Nf3 Bb7 6. Nxg5 f6 7. Ne4 Bxe4 8. Nc3
Bf5 9. g4 Bg6 10. Qf3 c6 11. Qg3 fxe5 12. dxe5 Qe7 13. h4 Qf7 14. Bd3 Nh6 0-1

[Event "Challenge"]
[Site "http://www.queenalice.com/game.php?id=253704"]
[Date "2007.8.10"]
[Round "-"]
[White "ig0r"]
[Black "Tao_of_Dave"]
[Result "1-0"]
[WhiteElo "1551"]
[BlackElo "1377"]

1. e4 c5 2. Qf3 Nc6 3. Bc4 Ne5 4. Qb3 e6 5. Nf3 Nxc4 6. Qxc4 d5 7. exd5 exd5 8.
Qf4 Nh6 9. O-O Bd6 10. Qe3+ Be6 11. h3 O-O 12. d4 Nf5 13. Qd3 c4 14. Qe2 b5 15.
b3 Qb6 16. Be3 a5 17. bxc4 bxc4 18. Nc3 Qc7 19. Nb5 1-0

[Event "Challenge"]
[Site "http://www.queenalice.com/game.php?id=254669"]
[Date "2007.8.12"]
[Round "-"]
[White "Tao_of_Dave"]
[Black "Alacrity"]
[Result "0-1"]
[WhiteElo "1301"]
[BlackElo "1641"]

1. e4 e5 2. Nf3 f6 3. Nc3 b6 4. d4 exd4 5. Nxd4 Bb7 6. Bd3 Ne7 7. Bf4 Nbc6 8.
O-O Nxd4 9. Bc4 Nec6 10. Nd5 Ne6 11. Bg3 g6 12. Qf3 Bg7 13. Bh4 Ne5 14. Qe2 Nd4
15. Qd1 Ndf3+ 16. gxf3 Nxc4 17. Qd4 Ne5 18. f4 Nf3+ 0-1

[Event "Challenge"]
[Site "http://www.queenalice.com/game.php?id=254944"]
[Date "2007.8.13"]
[Round "-"]
[White "Tao_of_Dave"]
[Black "Sinja"]
[Result "0-1"]
[WhiteElo "1358"]
[BlackElo "2084"]

1. e4 Nf6 2. Nc3 e5 3. Nf3 Bb4 4. a3 Bxc3 5. dxc3 O-O 6. Nxe5 Qe7 7. Nd3 Qxe4+
8. Qe2 Qf5 9. Bd2 Re8 10. Be3 d6 11. Qf3 Nd5 12. O-O-O Nc6 13. Qg3 Nxe3 14. fxe3
Qg4 15. Nf2 Qxg3 16. hxg3 Rxe3 17. Rh3 Bxh3 18. gxh3 Rxg3 19. Ne4 Rg1 20. Be2
Rxd1+ 21. Bxd1 Re8 0-1

[Event "Challenge"]
[Site "http://www.queenalice.com/game.php?id=255087"]
[Date "2007.8.13"]
[Round "-"]
[White "Tao_of_Dave"]
[Black "walkingpilgrim"]
[Result "1-0"]
[WhiteElo "1382"]
[BlackElo "1087"]

1. e4 e5 2. Nf3 Nc6 3. Nc3 Nf6 4. d4 d6 5. d5 Nb4 6. a3 Bg4 7. axb4 b6 8. h3
Bxf3 9. gxf3 g6 10. Bb5+ Nd7 11. Bc6 Be7 12. Bxa8 Qxa8 13. Bd2 Nf6 14. Nb5 Qb7
15. c4 O-O 16. Be3 a6 17. Nc3 b5 18. c5 dxc5 19. bxc5 c6 20. d6 b4 21. Na4 Qb5
22. dxe7 Re8 23. Bg5 Nd7 24. Qxd7 1-0

[Event "AUTO-INT-579"]
[Site "http://www.queenalice.com/game.php?id=257298"]
[Date "2007.8.18"]
[Round "1"]
[White "Tao_of_Dave"]
[Black "RatzMeister"]
[Result "0-1"]
[WhiteElo "1358"]
[BlackElo "1717"]

1. e4 e5 2. Nf3 Nc6 3. Nc3 d6 4. d4 Bg4 5. d5 Nd4 6. h3 Bxf3 7. gxf3 Qh4 8. f4
Nf6 9. Nb5 Kd8 10. c3 a6 11. Nxd4 Nxe4 12. Be3 exd4 13. Qxd4 f5 14. O-O-O c5 15.
Qa4 Nxf2 16. Rg1 Nxd1 0-1

[Event "AUTO-INT-579"]
[Site "http://www.queenalice.com/game.php?id=257299"]
[Date "2007.8.18"]
[Round "1"]
[White "RatzMeister"]
[Black "Tao_of_Dave"]
[Result "0-1"]
[WhiteElo "1775"]
[BlackElo "1441"]

1. e4 c5 2. Bc4 Nf6 3. Nc3 e6 4. e5 d5 5. Qf3 dxc4 6. exf6 Qxf6 7. Qxf6 gxf6 8.
Nf3 Bg7 9. O-O O-O 10. d3 b5 11. dxc4 b4 12. Nb5 Na6 13. Be3 Bb7 14. Nh4 Rad8
15. a3 Rd7 16. c3 bxc3 17. bxc3 Rd3 18. Rfd1 Rfd8 19. Rxd3 Rxd3 20. h3 f5 21.
Rb1 Be5 22. g3 Be4 23. f4 Rxe3 24. fxe5 Bxb1 25. Kf2 Rxe5 26. Nxa7 Bd3 27. Kf3
Bxc4 28. Kf4 Re1 29. g4 Rf1+ 30. Ke5 f4 31. Nc6 Bb5 32. Ne7+ Kf8 33. Nc8 f3 34.
Nxf3 Rxf3 35. Nd6 Bf1 36. Ne4 Rxh3 37. Ng5 Rxc3 38. Nxh7+ Kg7 39. Nf6 Rxa3 40.
Nh5+ Kf8 41. g5 c4 42. Kf6 c3 43. Ng7 c2 44. Nxe6+ fxe6 45. g6 c1=Q 46. g7+ Kg8
47. Ke7 Qc7+ 48. Kxe6 Nc5+ 49. Kd5 Rd3+ 50. Kc4 Ne6+ 51. Kb5 Rd1+ 52. Kb4 Rb1+
53. Ka3 Qa7# 0-1

[Event "Challenge"]
[Site "http://www.queenalice.com/game.php?id=307363"]
[Date "2007.11.20"]
[Round "-"]
[White "Croftsy"]
[Black "Tao_of_Dave"]
[Result "1-0"]
[WhiteElo "1479"]
[BlackElo "1480"]

1. d4 d5 2. e3 Nc6 3. g3 Nf6 4. Bg2 e6 5. Nf3 Bd6 6. O-O O-O 7. h4 e5 8. dxe5
Nxe5 9. Nxe5 Bxe5 10. Bd2 d4 11. Bb4 Re8 12. Bd2 Ng4 13. exd4 Bxd4 14. Be3 Bxe3
15. Qxd8 Rxd8 16. fxe3 Nxe3 17. Rf2 Nxc2 18. Rxc2 Rd1+ 19. Kh2 Bf5 20. Rd2 Re1
21. Bd5 Rd8 22. a4 c6 23. Ra3 cxd5 24. Nc3 g6 25. Nxd5 Kg7 26. Rb3 b6 27. Rb4
Rd6 28. Rbd4 Rc6 29. Nc3 Rc5 30. Nb5 a6 31. Nd6 Bg4 32. Rxg4 f5 33. Rg5 h6 34.
b4 Rce5 35. Nxf5+ Kf6 36. Nxh6 Rxg5 37. Rf2+ Kg7 38. hxg5 Re5 39. Rf7+ Kh8 40.
Rf6 Rxg5 41. Nf7+ Kg7 42. Nxg5 1-0

[Event "AUTO-INT-579"]
[Site "http://www.queenalice.com/game.php?id=335399"]
[Date "2008.1.12"]
[Round "2"]
[White "Artking"]
[Black "Tao_of_Dave"]
[Result "1-0"]
[WhiteElo "1912"]
[BlackElo "1497"]

1. e4 d5 2. exd5 Qxd5 3. d4 Nc6 4. c3 e5 5. Nf3 e4 6. Ne5 f6 7. Ng4 f5 8. Ne3
Bd7 9. Nxd5 O-O-O 10. Bg5 Re8 11. Nd2 h6 12. Bf4 g5 13. Bxc7 Nge7 14. Nxe7+ Nxe7
15. Be5 Rg8 16. Qb3 Rg6 17. Bc4 1-0

[Event "AUTO-INT-579"]
[Site "http://www.queenalice.com/game.php?id=335400"]
[Date "2008.1.12"]
[Round "2"]
[White "Tao_of_Dave"]
[Black "Artking"]
[Result "0-1"]
[WhiteElo "1499"]
[BlackElo "1892"]

1. e4 c5 2. Nf3 a6 3. Nc3 d6 4. Be2 Nc6 5. O-O Nf6 6. d4 cxd4 7. Nxd4 Bd7 8. Bc4
g6 9. Bf4 Bg7 10. a3 Rc8 11. b4 Nxd4 12. Qxd4 Nh5 13. Be3 Bxd4 14. Bxd4 e5 15.
Be3 Rxc4 16. Nd5 Rxc2 17. Bb6 Qg5 0-1

[Event "Let's Play Chess!"]
[Site "http://www.queenalice.com/game.php?id=437269"]
[Date "2008.7.22"]
[Round "-"]
[White "minimindy"]
[Black "Tao_of_Dave"]
[Result "1-0"]
[WhiteElo "1952"]
[BlackElo "1495"]

1. e4 d5 2. exd5 Nf6 3. Nc3 c6 4. dxc6 Nxc6 5. Bb5 e5 6. Nf3 e4 7. Qe2 Qe7 8.
Nd4 Bd7 9. Nxc6 bxc6 10. Bc4 Bg4 11. Qe3 Qe5 12. f3 Bf5 13. d3 Bc5 14. Qe2 O-O
15. dxe4 Be6 16. Bxe6 Qxe6 17. Be3 Bd6 18. O-O Bc7 19. Rfd1 Qe5 20. g3 Nh5 21.
f4 Qa5 22. e5 Qb4 23. Rab1 1-0